000 00826nam a22002175i 4500
001 160699
003 ES-MaACL
005 20250907063122.0
008 981109s1863 fr |||| | fre d
080 _a930 Renan, Ernest. Vie de Jésus
080 _a27-312
100 1 _aPlantier, Henri,
_d1813-1875
_9156332
245 1 0 _aInstruction pastorale de Mgr. Plantier, Évêque de Nîmes au clergé de son Diocése contre un ouvrage intitulé "Vie de Jésus" par Ernest Renan
_b: la décade, les principes, les sources.
250 _a2e éd.
260 _aParis :
_bLouis Giraud,
_c1863.
300 _a134 p. ;
_c24 cm.
600 1 7 _aRenan, Ernest,
_d1823-1892.
_tVie de Jésus
_2
_9148408
600 0 4 _aJesucristo-
_xBiografías.
_9140032
852 4 _aES-MaACL
_jE-13110
_z- Enc. hol.
999 _c160699
_d160699